000 00597cab a2200205 4500
001 WB2450-07
008 090401t1988 xxu||||| |||| 00| 0 eng d
035 _a(Sirsi) u5441
041 _aeng
245 _aDesign for the elderly
260 _c1988
350 _a0
490 _aDaily Telegraph
_v10/12/88 p15
520 _aBirmingham University is designing two bungalows for the elderly as part of a plan to meet housing requirements of a population living longer.
650 _aDESIGN
650 _aSHELTERED HOUSING
690 _aBUILT ENVIRONMENT
942 _n0
948 _c04/03/1997
999 _c3238
_d3238